Fundamental Accounting Principles (Record no. 1349)

MARC details
005 - DATE AND TIME OF LATEST TRANSACTION
control field 20250414064711.0
020 ## - INTERNATIONAL STANDARD BOOK NUMBER
International Standard Book Number 0-256-02978-4
082 ## - DEWEY DECIMAL CLASSIFICATION NUMBER
Classification number 657 PYL
100 ## - MAIN ENTRY--PERSONAL NAME
Author name PYLE, W. W.
245 ## - TITLE STATEMENT
Title Fundamental Accounting Principles
250 ## - EDITION STATEMENT
Edition statement 4th Ed.
260 ## - PUBLICATION, DISTRIBUTION, ETC.
Name of publisher, distributor, etc. Richard D. Irwin,Inc,
Date of publication, distribution, etc. 1984.
300 ## - PHYSICAL DESCRIPTION
Extent xvii,1075p.: Ill.;figures& table
Other physical details Index
Dimensions 23cm.
700 ## - ADDED ENTRY--PERSONAL NAME
Other authors/Editors LARSON, K. D.& ZIN, M.
942 ## - ADDED ENTRY ELEMENTS (KOHA)
Source of classification or shelving scheme Dewey Decimal Classification
Koha item type Books
Holdings
Date last seen Total checkouts Full call number Barcode Cost, replacement price Price effective from Koha item type Lost status Source of classification or shelving scheme Damaged status Not for loan Withdrawn status Home library Current library Shelving location Date acquired Cost, normal purchase price
06/27/2025   657 PYL DOM000253 105000.00 06/27/2025 Books   Dewey Decimal Classification       CBE Dodoma CBE Dodoma General Collection 04/14/2025 35000.00
06/27/2025   657PYL DOM000252 105000.00 06/27/2025 Books   Dewey Decimal Classification       CBE Dodoma CBE Dodoma General Collection 04/14/2025 35000.00
04/14/2025   657 PYL 0000005202 105000.00 04/14/2025 Books   Dewey Decimal Classification       College of Business Education Main Library College of Business Education Main Library General Collection 04/14/2025 35000.00
04/14/2025   657 PYL 0000005203 105000.00 04/14/2025 Books   Dewey Decimal Classification       College of Business Education Main Library College of Business Education Main Library General Collection 04/14/2025 35000.00
04/14/2025   657 PYL 0000005204 105000.00 04/14/2025 Books   Dewey Decimal Classification       College of Business Education Main Library College of Business Education Main Library General Collection 04/14/2025 35000.00
04/14/2025   657 PYL 0000005205 105000.00 04/14/2025 Books   Dewey Decimal Classification       College of Business Education Main Library College of Business Education Main Library General Collection 04/14/2025 35000.00